000 00280nam a22001217a 4500
020 _a978-0-439-25415-1
082 _a425
_bSCH/S
245 _aSYNOYMS,ANTONYMS & HOMONYMS
260 _aNEW YORK
_bSCHOLASTIC
300 _a220
650 _aSYNONYMS & ANTONYMS
_zNEW YORK
942 _cBK
999 _c3788
_d3788